banner-ar

احجار لها تاريخ / (Record no. 61147)

MARC details
000 -الفاتح
حقل البيانات ثابتة الطول 00892nam a22002417a 4500
005 - وقت وتاريخ اخر تعامل مع التسجيلة
رقم الضبط 20240530110446.0
008 - عناصر البيانات ثابتة الطول - معلومات عامة
حقل البيانات ثابتة الطول 150428s2009 ua bfo f bb 000 0dara d
017 ## - رقم الايداع القانونى
رقم الايداع القانونى 2009/8091
المصدر ( الهيئة المختصة) مصر . دار الكتب المصرية
020 ## - الرقم الدولى المعيارى للكتب
الرقم الدولى المعيارى للكتاب 9789774208065
040 ## - مصدر الفهرسة
وكالة الفهرسة الأصلية EG-CaGPL
082 04 - رقم تصنيف ديوى العشرى
رقم الطبعة 21
رقم التصنيف 553.5
رقم المادة ق/م أ
100 0# - المدخل الرئيسى - إسم شخصى
الإسم الشخصى محمد فتحى عوض الله
245 10 - بيان العنوان
العنوان احجار لها تاريخ /
بيان المسئوليه,etc محمد فتحى عوض الله
260 ## - PUBLICATION, DISTRIBUTION, ETC. (IMPRINT)
تاريخ النشر أو التوزيع 2009 .
300 ## - الوصف المادى
التعداد 274 ص :
تفاصيل ماديه اخرى للوعاء ايض ؛
أبعاد الوعاء 24 سم
650 04 - المدخل الاضافى بالموضوع-مصطلح موضوعى
مصطلح موضوعي الاحجار
التقسيم الفرعي العام تاريخ
650 04 - المدخل الاضافى بالموضوع-مصطلح موضوعى
مصطلح موضوعي الاثار الحجرية
التقسيم الفرعي العام تاريخ
650 04 - المدخل الاضافى بالموضوع-مصطلح موضوعى
مصطلح موضوعي الصخور
التقسيم الفرعي العام علم
651 04 - المدخل الاضافى بالموضوع - اسم جغرافى
الاسم الجغرافي مصر القديمة
التقسيم الفرعي العام تاريخ
942 ## - عناصر المدخل الإضافي( كوها)
مصدر التصنيف او مخطط الترفيف Dewey Decimal Classification
Koha [default] item type كتاب
260 ## - PUBLICATION, DISTRIBUTION, ETC. (IMPRINT)
-- القاهرة :
-- الهيئة المصرية العامة للكتاب ،
505 ## - تبصرة محتويات-الفهرس
تبصرة المحتويات المصاغة ببليوجرافية : ص 269 - 273
Holdings
حالة التراجع حالة الفقد حالة تلف ليس للاعارة المكان المؤقت الموقع الحالى تاريخ الاكتساب اجمالي اﻻعارات رقم الطلب الباركود تاريخ اخر مشاهدة تاريخ تفعيل السعر نوع وعاء كوها
        مكتبة القاهرة الكبرى مكتبة القاهرة الكبرى 04/28/2015   553.5 ق/م أ 160371 04/28/2015 04/28/2015 كتاب

Powered By

EGPV